Movies Quiz

Random Movies or Box Office Quiz

Top Grossing 'G' Movies Quiz Stats

Quiz Updated Jan 15, 2018

Challenge
Share
Tweet
Score 0/21 Timer 05:00
4 Plays Today
% Correct
Ghost
98.1%
Grease
96.3%
Gladiator
94.2%
Godzilla (2014)
90.7%
Godzilla (1998)
90.5%
Guardians of the Galaxy
89.4%
Guardians of the Galaxy Vol. 2
87.3%
G-Force
86.3%
Gravity
84.1%
Gone with the Wind
83.8%
The Green Mile
81.9%
% Correct
The Great Gatsby (2013)
80.9%
GoldenEye
69.5%
The Golden Compass
62.8%
The Good Dinosaur
62.1%
Ghostbusters (1984)
49.5%
G.I. Joe: The Rise of Cobra
45.6%
A Good Day to Die Hard
33.7%
G.I. Joe: Retaliation
33.6%
Gone Girl
32.6%
The Great Wall
20.7%

You're not logged in!

Compare scores with friends on all Sporcle quizzes.
Sign Up with Email
OR
Log In

You Might Also Like...

Show Comments

Extras

Top Quizzes Today


Score Distribution

Your Account Isn't Verified!

In order to create a playlist on Sporcle, you need to verify the email address you used during registration. Go to your Sporcle Settings to finish the process.

Report this User

Report this user for behavior that violates our Community Guidelines.

Details: